00401nam a2200145Ia 4500008004100000020001800041041000800059082001800067100001800085245003800103250000600141260006200147300001200209650003400221210716s2019 xx 000 0 und d a9789352138593 aeng a005.1372 MERD aMertz, David. aFunctional programming in python. a1 aMumbaibShroff Publishers and Distributors Pvt Ltdc2019 aviii,38 aProgramming Languages(005.13)